Návrat k rovnakej dani?

Gespeichert in:
Bibliographische Detailangaben
1. Verfasser: Pavelka, Ľuboš, 1962-
Format: Buchkapitel
Sprache:Slowakisch
Schlagworte:
Tags: Tag hinzufügen
Keine Tags, Fügen Sie das erste Tag hinzu!

MARC

LEADER 00000naa a2200000 4500
001 0214126
005 20240502073559.2
041 0 |a slo 
044 |a SK 
245 1 0 |a Návrat k rovnakej dani?  |c Ľuboš Pavelka 
610 2 0 |a Slovensko 
610 2 0 |a politika daňová 
610 2 0 |a dane rovné 
610 2 0 |a povinnosť daňová 
610 2 0 |a spravodlivosť daňová 
610 2 0 |a kampane volebné 
100 1 |a Pavelka, Ľuboš, 1962-